| 000 | 00364nam a2200145Ia 4500 | ||
|---|---|---|---|
| 008 | 230711s9999||||xx |||||||||||||| ||und|| | ||
| 041 | _aENG | ||
| 082 |
_a541.2 _bCO-C |
||
| 100 | _aCotton,F.Albert | ||
| 245 | 0 | _aChemical applications of group theory | |
| 250 | _a1st Ed. | ||
| 260 |
_c1994 _aNew Delhi _bPradeep publishers |
||
| 650 | _aArchitecture | ||
| 942 | _cBK | ||
| 999 |
_c3036 _d3036 |
||